000 01384cam a22003977a 4500
999 _c478672
_d478672
001 16351300
003 NUST
005 20180702105542.0
008 100727s2010 stka b 001 0 eng
010 _a 2010474632
015 _aGBB066416
_2bnb
016 7 _a015564589
_2Uk
020 _a9780748624300 (cased)
020 _a0748624309 (cased)
020 _a9780748624317 (pbk.)
020 _a0748624317 (pbk.)
035 _a(OCoLC)ocn636904506
038 _a0
040 _aUKM
_cUKM
_dCDX
_dDLC
042 _aukblsr
_alccopycat
050 0 0 _aDA821
_b.H57 2010
082 0 4 _a306.0941109049
_222
245 0 2 _aA history of everyday life in twentieth century Scotland /
_cedited by Lynn Abrams and Callum Brown.
260 _aEdinburgh :
_bEdinburgh University Press,
_cc2010.
300 _axvi, 302 p. :
_bill. ;
_c24 cm.
490 0 _aA history of everyday life in Scotland ;
_vv. 4
504 _aIncludes bibliographical references and index.
651 0 _aScotland
_xSocial life and customs
_x20th century.
_911384
651 0 _aScotland
_xHistory
_y20th century.
_911385
651 0 _aScotland
_xSocial conditions
_x20th century.
_911386
700 1 _aAbrams, Lynn.
_911387
700 1 _aBrown, Callum G.,
_d1953-
_911388
906 _a7
_bcbc
_ccopycat
_d3
_encip
_f20
_gy-gencatlg
942 _2ddc
_cBK